Luyện viết thư tín...email..fax bằng tiếng Anh /

Salvato in:
Dettagli Bibliografici
Natura: Libro
Pubblicazione: HCM. : HCM. 2009
Soggetti:
Tags: Aggiungi Tag
Nessun Tag, puoi essere il primo ad aggiungerne! !
Thư viện lưu trữ: Mạng thư viện Đại học Đà Nẵng
LEADER 00854nam a22002411a 4500
001 000038324
003 14619
005 20220721142718.0
008 160412s2009 000
082 |a 428.2  |b LU-V 
245 0 |a Luyện viết thư tín...email..fax bằng tiếng Anh /  |c Nguyễn Thành Yến dịch. 
260 |c 2009  |a HCM. :  |b HCM. 
300 |a 230tr. : ;  |c 20cm. 
653 |a Luyện viết thư tín  |a email 
OWN |a LNN 
AVA |a UDN50  |b LNN  |c English  |d 428.2 LU-V  |e available  |t Error 5001 Not defined in file expand_doc_bib_avail.  |f 4  |g 0  |h N  |i 1  |j AN 
999 |a From the UDN01 
AVA |a UDN50  |b LNN  |c English  |d 428.2 LU-V  |e available  |t Error 5001 Not defined in file expand_doc_bib_avail.  |f 4  |g 0  |h N  |i 1  |j AN 
TYP |a Monograph 
980 |a Mạng thư viện Đại học Đà Nẵng